000 00803nam a2200253 i 4500
001 C2-0310083
003 PPAK
005 20180728101312.0
008 110608s2010 my |||| ||||| | may d
020 _a9789673610013
040 _aPPAK
_beng
_cPPAK
_erda
082 0 4 _a297.09
_223
090 0 0 _a297.09
_bBAS
_dG
100 1 _aBastoni, Hepi Andi,
_eauthor
245 1 0 _aBelajar dari Perang Badar :
_bstrategi menghadapi kemenangan
264 1 _aPetaling Jaya, Selangor :
_bKemilau Publika ,
_c2010
300 _axxv, 202 pages ;
_c20 cm
336 _2rdacontent
_atext
337 _2rdamedia
_aunmediated
338 _2rdacarrier
_avolume
650 1 0 _aBadr, Battle of, Badr Hunayn, Saudi Arabia. ; Islam - History.
700 0 _aAl-Fadhil ; Tuan Ibrahim Tuan Man,
_ecompile
942 _ddc
_cB
999 _c112575
_d112575